Kluby z Polski które w XXI w. grały w europejskich pucharach - Statystyki

Ogólne statystyki
  • Ten quiz został rozwiązany 223 razy
    208 od ostatniego zresetowania
  • Średni wynik to 17 z 21
Statystyki odpowiedzi
Odpowiedź % Poprawnych
Legia Warszawa
100%
Lech Poznań
98%
Wisła Kraków
96%
Pogoń Szczecin
94%
Jagiellonia Białystok
92%
Lechia Gdańsk
91%
Cracovia
90%
Śląsk Wrocław
90%
Arka Gdynia
88%
Górnik Zabrze
88%
Raków Częstochowa
88%
Zagłębie Lubin
87%
Piast Gliwice
84%
Polonia Warszawa
84%
Ruch Chorzów
76%
Amica Wronki
74%
GKS Katowice
71%
Wisła Płock
70%
Zawisza Bydgoszcz
68%
Dyskobolia Grodzisk Wielkopolski
54%
GKS Bełchatów
54%
Nie znaleziono quizów pasujących do podanych kryteriów
Rozkład punktacji
Procent ludzi z każdym wynikiem
Percentyl według liczby udzielonych odpowiedzi
Twoja historia wyników
Nie rozwiązałeś tego quizu od ostatniego zresetowania